000 00998nam a2200241Ia 4500
003 OSt
005 20200716180310.0
008 191128s2010 ck gr 000 0dspa d
020 _a9789587049404
040 _aCO-JMCR
_cCO-JMCR
041 0 _aspa
082 0 4 _a330.9861 /
_b K147n
_223
100 _aKalmanovitz, Salomón,
_eautor
_95368
245 0 _aNueva historia económica de Colombia /
_cSalomón Kalmanovitz, editor
250 _aPrimera edición
260 _aBogotá :
_bUniversidad Jorge Tadeo Lozano,
_c2010.
300 _a360 páginas ;
_c24 cm.
500 _aIncluye datos biográficos del autor en solapa.
505 0 _aPresentación -- colaboración -- economía precolombina -- población y desarrollo de américa prehispánica -- econimía y sociedad de la culturas precolombinas de colombia -- la producción -- excedente e intercambio -- conclusión
650 _aEconomía
_xHistoria
_zColombia
_96949
650 2 4 _aPolítica económica
_zColombia
_96845
942 _2ddc
_cBK
999 _c4029
_d4029